00699nam a2200229 a 450000100060000000300080000600500170001400800410003103500330007204000350010504100080014008200190014810000340016724501030020125000120030426000360031630000200035250400200037265000320039265000140042470000310043836100BD-RjUL20211209052432.0140616s1959 enk 001 0 eng d aoxf98400075a(BD-RjUL) 36197 aBD-RjULbengcBD-RjULdBD-RjUL aeng a335bRUP 19591 aRussell, Bertrandd1872-1970.14aThe prospects of industrial civilization /cby Bertrand Russell in collaboration with Dora Russell a2nd ed. aLondon :bAllen & Unwin,c1959. a283 p. ;c19 cm aIncludes index. 0aEconomic historyy1918-1945 0aSocialism1 aRussell, Dora,d1894-1986.